Исповедь Люцифера. Шестая скрижаль завета (Запис № 461076)
[ простий вигляд ]
| 000 -Лідер | |
|---|---|
| fixed length control field | 02722 a2200229 4500 |
| 003 - Ідентифікатор контрольного номера | |
| control field | UA-OsUOA |
| 005 - Дата та час останнього входження (трансакції) | |
| control field | 20200821112014.0 |
| 008 - Елементи даних фіксованої довжини – загальна інформація | |
| fixed length control field | 200818b un ||||| |||| 00| 0 rus d |
| 020 ## - Міжнародний стандартний книжковий номер (ISBN) | |
| Міжнародний стандартний книжковий номер (ISBN) (НП) | 576543939 |
| 040 ## - Джерело каталогізації | |
| Агенція оригінальної каталогізації | UA-OsUOA |
| Мова каталогізації | ukr |
| Агенція, яка здійснювала перезапис | UA-OsUOA |
| Агенція, яка здійснювала модифікацію | UA-OsUOA |
| 041 ## - Код мови | |
| Код мови тексту/ звукової доріжки чи окремого заголовка (П) | ukr |
| 080 ## - Індекс Універсальної десяткової класифікації | |
| Індекс Універсальної десяткової класифікації (УДК) (НП) | 821.161.1(72) |
| 090 ## - Локальний шифр розміщення | |
| Класифікаційний індекс УДК | 821.161.1(72) |
| Авторський знак (НП) | К 88 |
| 100 ## - Основне введення – ім’я особи | |
| Ім’я особи (НП) | Куатьэ А. |
| 245 ## - Відомості про назву | |
| Назва (НП) | Исповедь Люцифера. Шестая скрижаль завета |
| Решта назви (НП) | роман |
| Дані про відповідальність (НП) | Анхель де Куатьэ |
| Номер частини/ розділу роботи (П) | Кн. 7 |
| 260 ## - Публікація, розповсюдження і т.п. (Вихідні дані) | |
| Ім’я/ наймення видавництва, розповсюджувача і т.п. (П) | Нева |
| Дата публікації, розповсюдження і т.п. (П) | 2004 |
| Місце публікації, розповсюдження і т.п. (П) | СПб. |
| 300 ## - Фізичний опис | |
| Обсяг | 192 с. |
| 520 ## - Резюме і т.п. | |
| Резюме, реферат, анотація, тощо (НП) | Смысл жизни... Есть ли он? Одни из нас живут, потому что любят, другие — потому что боятся умереть. Но одно ли это и то же — «наполнить жизнь смыслом» и «найти смысл жизни»? Новая книга Анхеля де Куатьэ написана с такой силой чувств, что остаться безучастным к его «Исповеди» просто невозможно. Главная героиня Саша, горящая страстями Дантовского ада, пройдет в своем эзотерическом путешествии от одной ипостаси человеческого существа к другой — от тела, к сознанию, а от сознания — к духу. Чтобы в конце этого пути увидеть Свет, который открывает смысл человеческой жизни. Верить в Свет даже на дне бездны, видеть Его и в кромешной тьме ада, помнить о Нем, что бы ни случилось, нести в себе и находить в других — вот урок, который даст нам шестая Скрижаль Завета. Осталась еще одна Скрижаль, последний шаг, последняя тайна... «Смысл нашей жизни не в том, чтобы удовлетворить псе свои желания и мечты. Это тупик, лабиринт без выхода. Стремиться к чему-то — хорошо. Но само это стремление — только сила, оно еще не смысл жизни.» |
| 650 ## - Додаткове предметне введення – тематичний термін | |
| Джерело заголовка чи терміна | UDC |
| Тематичний термін чи географічна назва, як елемент введення (НП) | 821 Художня література окремими мовами і мовними сім'ями |
| 942 ## - Додаткові елементи входу (Коха) | |
| Тип елемента Koha | Книги |
| Source of classification or shelving scheme | Universal Decimal Classification |
| Стан вилучень | Стан втрат | Джерело класифікації або схеми стелажів | Стан уражень | Не для кредиту | Код колекції | Постійне місце розташування | Поточне розміщення | Дата придбання | Джерело придбання | Вартість, звичайна ціна покупки | Усього замовленно | Повний номер виклику | Штрих-код | Дата останнього перегляду | Вартість, ціна заміни | Ціна ефективна від | Тип елемента Koha |
|---|---|---|---|---|---|---|---|---|---|---|---|---|---|---|---|---|---|
| Universal Decimal Classification | Колекція Жулинського М.Г. | ЧЗ - Читальна зала | ЧЗ - Читальна зала | 18/08/2020 | №13/24.06.20 | 25.00 | 821.161.1(72) К 88 | 162709 | 24/12/2021 | 25.00 | 18/08/2020 | Книги |